LEADER 05068nam 22006615 450 001 9910380740903321 005 20251113183959.0 010 $a3-030-33173-3 024 7 $a10.1007/978-3-030-33173-3 035 $a(CKB)4100000010348843 035 $a(MiAaPQ)EBC6109829 035 $a(DE-He213)978-3-030-33173-3 035 $a(EXLCZ)994100000010348843 100 $a20200210d2020 u| 0 101 0 $aeng 135 $aurcnu|||||||| 181 $ctxt$2rdacontent 182 $cc$2rdamedia 183 $acr$2rdacarrier 200 10$aPerspectives for a New Social Theory of Sustainability /$fedited by Mariella Nocenzi, Alessandra Sannella 205 $a1st ed. 2020. 210 1$aCham :$cSpringer International Publishing :$cImprint: Springer,$d2020. 215 $a1 online resource (133 pages) 311 08$a3-030-33172-5 327 $aChapter 1: Some Remarks for a New Sociological Theory of Sustainability -- Chapter 2: Sustainability and the Crisis of the Theoretical Functional Model -- Chapter 3: Environmental Sustainability and the Evolution of Capitalism -- Chapter 4: The Thought of Zygmunt Bauman as a Key for Entering into a New Social Theory -- Chapter 5: Sustainability and SDGs: From Moral Imperatives to Indicators and Indexes - A Methodology for Validating and Assessing SDGs -- Chapter 6: Sustainability as a Key Imperative in Project Cycle Management: Sociological Considerations -- Chapter 7: Toward an Understanding of Psychopathological Syndromes related to Social Environments -- Chapter 8: Social Research between Participation and Critical Detachment -- Chapter 9: Sustainability Through Unsustainability? Unintended Consequences and Emancipatory Catastrophism -- Chapter 10: The Sociology and the Sustainable Development: The Paradigm is Going to Change. 330 $aThis ambitious book outlines the theoretical and practical implications of the recent technological revolution of human/non-human relations for social researchers, and in so doing, seeks to develop more adequate theoretical and methodological models for social scientists to describe and investigate these social transformations and their consequences. The environmental strategies to balance human actions with the earth?s resources utilizing a sustainable approach can inspire original conceptualizations and, therefore, a new sociological paradigm rooted in a necessary rethinking of the dualism between nature and culture, and of human relations in a hyper-connected society increasingly composed by non-human elements. Chapter discussions include: Sustainability and the crisis of the theoretical functional model Environmental sustainability and the evolution of capitalism From moral imperatives to indicators and indices: a methodology for validating and assessing SDGs An understanding of psychopathological syndromes related to social environments Social research between participation and critical detachment Perspectives for a New Social Theory of Sustainability emphasizes that not only are modernist theories of unlimited wealth and progress no longer supportable, but also that their theoretical and empirical settings must be reassessed if society is to move towards sustainability. It promises to be required reading for students and researchers in sociology, psychology, economics and statistics, as well as professionals within government organizations and NGOs focused on human rights work, global inequities, ethical activism, and the UN Agenda 2030 and its Sustainable Development Goals. "This book provides a unique toolkit for politicians and citizens on sustainable development and how it is fulfilled every day." David Maria SASSOLI European Parliament President. 606 $aPersonality 606 $aDifference (Psychology) 606 $aSocial sciences$xPhilosophy 606 $aEnvironmental education 606 $aPsychology 606 $aEnvironmental sciences$xSocial aspects 606 $aPersonality and Differential Psychology 606 $aSocial Theory 606 $aEnvironmental and Sustainability Education 606 $aBehavioral Sciences and Psychology 606 $aEnvironmental Social Sciences 615 0$aPersonality. 615 0$aDifference (Psychology) 615 0$aSocial sciences$xPhilosophy. 615 0$aEnvironmental education. 615 0$aPsychology. 615 0$aEnvironmental sciences$xSocial aspects. 615 14$aPersonality and Differential Psychology. 615 24$aSocial Theory. 615 24$aEnvironmental and Sustainability Education. 615 24$aBehavioral Sciences and Psychology. 615 24$aEnvironmental Social Sciences. 676 $a338.927 702 $aNocenzi$b Mariella$4edt$4http://id.loc.gov/vocabulary/relators/edt 702 $aSannella$b Alessandra$4edt$4http://id.loc.gov/vocabulary/relators/edt 801 0$bMiAaPQ 801 1$bMiAaPQ 801 2$bMiAaPQ 906 $aBOOK 912 $a9910380740903321 996 $aPerspectives for a New Social Theory of Sustainability$92220317 997 $aUNINA